Biblioteca y Centro de Documentación

Vista normal Vista MARC

Entrada Nombre personal

Número de registros utilizados en: 6

001 - NÚMERO DE CONTROL

  • Campo de control: 6571

003 - IDENTIFICADOR DE NÚMERO DE CONTROL

  • Campo de control: ES-MaCES

005 - FECHA Y HORA DE LA ULTIMA MODIFICACION

  • Campo de control: 20120517101900.0

008 - ELEMENTOS DE DATOS DE LONGITUD FIJA

  • Campo de longitud fija: 120517 | azznnaabn || aaa d

035 ## - NÚMERO DE CONTROL DEL SISTEMA

  • Número de control del sistema: CES20120003160n

040 ## - FUENTE DE LA CATALOGACIÓN

  • Agencia original de catalogación: ES-MaCES
  • Idioma de catalogación: spa
  • Agencia de transcripción: ES-MaCES

100 1# - ENCABEZAMIENTO--NOMBRE DE PERSONA

  • Nombre personal: Aroca Mohedano, Manuela

400 1# - TRAZADO VEÁSE--NOMBRE DE PERSONA

  • Nombre personal: Aroca, Manuela

901 ## - CES. DATOS SIRTEX

  • ID Sirtex (N5N8): 0001500023899
  • 005BIS Sirtex: 201205171019ALORITE
© CES, Consejo Económico y Social de España 2021